000
00192nam a2200085 4500
001
1255650
005
20251211085405.0
245
_a
AYVAYI YEDİK MÜZESİ
_c
MERT ARIK
260
_b
TİMAŞ YAYINLARI
999
_c
1255650
_d
1255650